书目信息 |
| 题名: |
民法典关联法规与权威案例提要
|
|
| 作者: | 张晓远, 主编 | |
| 分册: | 婚姻家庭编、继承编 | |
| 出版信息: | 北京 中国法制出版社 2020.06 |
|
| 页数: | 493页 | |
| 开本: | 24cm | |
| 丛书名: | 民法典关联法规与权威案例提要丛书 | |
| 单 册: | ||
| 中图分类: | D923.05 , D923.905 | |
| 科图分类: | ||
| 主题词: | 民法--min fa--案例--中国 , 婚姻法--hun yin fa--案例--中国 | |
| 电子资源: | ||
| ISBN: | 978-7-5216-1080-2 | |
| 000 | 01146nam 2200277 450 | |
| 001 | 2267453659 | |
| 005 | 20220914184444.43 | |
| 010 | @a978-7-5216-1080-2@dCNY86.00 | |
| 100 | @a20200724d2020 em y0chiy50 ea | |
| 101 | 0 | @achi |
| 102 | @aCN@b110000 | |
| 105 | @ak z 000yy | |
| 200 | 1 | @a民法典关联法规与权威案例提要@Amin fa dian guan lian fa gui yu quan wei an li ti yao@i婚姻家庭编、继承编@f主编张晓远 |
| 210 | @a北京@c中国法制出版社@d2020.06 | |
| 215 | @a493页@d24cm | |
| 225 | 2 | @a民法典关联法规与权威案例提要丛书@Amin fa dian guan lian fa gui yu quan wei an li ti yao cong shu |
| 330 | @a本书分为婚姻家庭编、继承编两大部分, 婚姻家庭编又包括一般规定、结婚、家庭关系、离婚、收养5章, 继承编包括: 一般规定、法定继承、遗嘱继承和遗赠、遗产的处理4章。 | |
| 410 | 0 | @12001 @a民法典关联法规与权威案例提要丛书 |
| 517 | 1 | @a婚姻家庭编、继承编@Ahun yin jia ting bian 、 ji cheng bian |
| 606 | 0 | @a民法@Amin fa@x案例@y中国 |
| 606 | 0 | @a婚姻法@Ahun yin fa@x案例@y中国 |
| 690 | @aD923.05@v5 | |
| 690 | @aD923.905@v5 | |
| 701 | 0 | @a张晓远,@Azhang xiao yuan@f1971-@4主编 |
| 801 | 0 | @aCN@b人天书店@c20200724 |
| 905 | @aZUCC@dD923.05@e17 | |
| 民法典关联法规与权威案例提要.婚姻家庭编、继承编/主编张晓远.-北京:中国法制出版社,2020.06 |
| 493页;24cm.-(民法典关联法规与权威案例提要丛书) |
| ISBN 978-7-5216-1080-2:CNY86.00 |
| 本书分为婚姻家庭编、继承编两大部分, 婚姻家庭编又包括一般规定、结婚、家庭关系、离婚、收养5章, 继承编包括: 一般规定、法定继承、遗嘱继承和遗赠、遗产的处理4章。 |
| ● |
| 相关链接 |
|
|
|
正题名:民法典关联法规与权威案例提要
索取号:D923.05/17
 
预约/预借
| 序号 | 登录号 | 条形码 | 馆藏地/架位号 | 状态 | 备注 |
| 1 | 2000893134 | 2000893134 | 第三书库/ [索取号:D923.05/17] | 在馆 | |
| 2 | 2000893135 | 2000893135 | 第三书库/ [索取号:D923.05/17] | 在馆 | |
| 3 | 2000893136 | 2000893136 | 第三书库/ [索取号:D923.05/17] | 在馆 |